000 00573nam a2200217Ia 4500
003 OSt
005 20220923230816.0
006 a|||||r|||| 00| 0
007 ta
008 220922b |||||||| |||| 00| 0 pan d
024 _a305,745
037 _cTextual
040 _aARTS
_cARTS
_bpan
041 _2pan
_apan
082 _aU8.435'M3, 153M9
100 _aਹਰਭਜਨ ਸਿੰਘ
245 0 _aਪੂਰਬ ਦੇ ਰੰਗ
260 _c1989
942 _hU8.435'M3, 153M9
_cTEXL
_2CC
999 _c387535
_d387535